The human use of human beings : Cybernetics and society

Đã lưu trong:
Sonraí Bibleagrafaíochta
Príomhúdar: Wiener, Norbert
Formáid: Leabhar
Teanga:Undetermined
Foilsithe: New York Avon Books 1967
Ábhair:
Clibeanna: Cuir Clib Leis
Gan Chlibeanna, Bí ar an gcéad duine leis an taifead seo a chlibeáil!
Thư viện lưu trữ: Trung tâm Học liệu Trường Đại học Cần Thơ
LEADER 00511nam a2200193Ia 4500
001 CTU_83607
008 210402s9999 xx 000 0 und d
082 |a 001.53 
082 |b W647 
100 |a Wiener, Norbert 
245 4 |a The human use of human beings : 
245 0 |b Cybernetics and society 
245 0 |c Norbert Wiener 
260 |a New York 
260 |b Avon Books 
260 |c 1967 
650 |a Cybernetics 
904 |i Qhieu(sửa) 
980 |a Trung tâm Học liệu Trường Đại học Cần Thơ